Rivers and Lakes of Africa Quiz Stats

 Plays Quiz Updated Mar 9, 2016

Also try: On a Map: Africa
Challenge
Share
Tweet
Score 0/30 Timer 05:00
3 Plays Today
% Correct
Nile
95.5%
Lake Victoria
85.8%
Congo
80.1%
Niger
76.7%
Lake Malawi
66%
Blue Nile
63.9%
Zambezi
63.5%
Lake Tanganyika
56.7%
Gambia
53.6%
Orange
52.1%
Sénégal
50.9%
Lake Chad
49.3%
Lake Volta
39.4%
Limpopo
38.5%
Lake Albert
34.2%
% Correct
White Volta
28.1%
Black Volta
22.5%
Lake Turkana
22.1%
Lake Tana
21.4%
Tana
20.8%
Benue
19%
Ubangi
17.9%
Chari
14.9%
Jubba
14.4%
Kasai
14%
Shebelle
12.5%
Yobe
10.8%
Atbarah
9.8%
Lake Bangweulu
9.5%
Sanaga
9.4%

You're not logged in!

Compare scores with friends on all Sporcle quizzes.
Join for Free
OR
Log In

You Might Also Like...

Show Comments

Extras

Top Quizzes Today


Score Distribution

Your Account Isn't Verified!

In order to create a playlist on Sporcle, you need to verify the email address you used during registration. Go to your Sporcle Settings to finish the process.

Report this User

Report this user for behavior that violates our Community Guidelines.

Details: